| 000 | 00823nam 22002413 4500 | ||
|---|---|---|---|
| 001 | 199040 | ||
| 021 | _aPT | ||
| 090 | _a199040 | ||
| 100 | _a20251113d u||y0pory50 ba | ||
| 101 | _apor | ||
| 102 | _aPT | ||
| 200 |
_aDicionário etimológico da língua portuguesa _fJosé Pedro Machado |
||
| 205 | _a3ª | ||
| 210 |
_aLisboa _cLivros Horizontes _d1977 |
||
| 215 |
_a5 v. _cil. ; encadernado _d26 cm |
||
| 304 | _a. - com a mais antiga documentação escrita e conhecida de muitos dos vocábulos estudados | ||
| 327 | _a1º v.: A-B. - 478 p . - 2º v.: C-E. - 521 p . - 3º v.: F-L. - 454 p . - 4º v.: M-P. - 465 p . - 5º v.: Q-Z. - 439 p. | ||
| 606 |
_93131 _aDicionários |
||
| 675 |
_a030 _vPT _zpor |
||
| 700 |
_911283 _aMachado _bJosé Pedro _f1914-2005 |
||
| 801 |
_aPT _bBMMN _gRPC |
||
| 830 |
_cAna _fAna |
||
| 990 | _cLIVROS | ||